000 00402nam a2200157Ia 4500
008 221030s9999 xx 000 0 und d
020 _a8129700832
041 _aEnglish
082 _a105.23
_bJai
100 _aA. K. Jain
245 0 _aFundamentals of Digital Image Processing
_cby A. K. Jain
260 _bPearson Educaiton
_aNew Delhi
_c2005
300 _a586
650 _aBE Computer
942 _cBK
999 _c4727
_d4727